MARC

LEADER 00000nas a22000005a 4500
001 ssj0001735
003 WaSeSS
005 20200512172242.0
006 m d
007 cr n
008 950601c19949999oncbx p s 0 a0eng
010 |a cn 95301124  
015 |a 953011240  |2 can 
016 |a (AMICUS)000014139103 
016 |a 953011240 
022 |l 1189-2102  |y 1189-2102 
035 |a (WaSeSS)ssj0001735 
037 |b Canada and the World Backgrounder, Box 22099, Westmount Postal Outlet, Waterloo, Ont., N2L 6J7 
040 |a NLC  |b eng  |c NLC  |d OCL  |d DLC  |d OCLCQ  |d IUL  |d OCLCQ  |d DLC  |d UQ1  |d OCLCQ  |d OCLCF  |d OCLCO  |d OCL  |d VYT  |d OCLCQ  |d NLC  |d OCLCQ  |d UWO  |d RDF  |d WaSeSS 
042 |a nlc  |a isds/c  |a pcc 
043 |a n-cn--- 
050 0 0 |a D839  |b .W53 
055 0 1 |a FC242 
082 0 4 |a 327.71/005  |2 20 
130 0 |a Canada and the world backgrounder (Periodical) 
210 0 |a Can. world backgr. 
222 0 |a Canada and the world backgrounder 
245 1 0 |a Canada and the world backgrounder  |h [electronic resource]. 
246 3 0 |a Backgrounder 
260 |a Waterloo, Ont. :  |b R/L Taylor Pub. Consultants,  |c ©1994- 
310 |a Six issues yearly 
362 0 |a Vol. 60, no. 1- 
500 |a Title from cover. 
500 |a Each issue also has a distinctive title. 
506 |a License restrictions may limit access. 
515 |a Vol. 60, no. 1 published Sept. 1994. 
525 |a Some issues accompanied by unnumbered booklets (which are also available separately) containing supplementary material complementing the theme of a particular issue; e.g. issue for Sept. 2002 has the accompanying booklet "Canada since Rio." 
588 |a Latest issue consulted: Vol. 66, no. 1 (Sept. 2000). 
648 7 |a Since 1945  |2 fast 
650 0 |a World politics  |y 1989-  |v Periodicals. 
650 0 |a International relations  |v Periodicals. 
650 6 |a Relations internationales  |v Périodiques. 
650 6 |a Politique mondiale  |v Périodiques. 
650 7 |a International relations.  |2 fast  |0 (OCoLC)fst00977053 
650 7 |a Politics and government  |2 fast  |0 (OCoLC)fst01919741 
650 7 |a World politics.  |2 fast  |0 (OCoLC)fst01181381 
650 7 |a Économie.  |2 rasuqam 
650 7 |a Gouvernement.  |2 rasuqam 
650 7 |a Politique étrangère.  |2 rasuqam 
650 7 |a Politique internationale.  |2 rasuqam 
650 7 |a Relations internationales.  |2 rasuqam 
650 7 |a Société  |2 rasuqam 
651 0 |a Canada  |x Politics and government  |y 1945-  |v Periodicals. 
651 6 |a Canada  |x Politique et gouvernement  |v Périodiques. 
651 6 |a Canada  |x Relations extérieures  |v Périodiques. 
651 7 |a Canada.  |2 fast  |0 (OCoLC)fst01204310 
651 7 |a Canada.  |2 rasuqam 
655 0 |a Electronic journals. 
780 0 0 |t Canada and the world  |x 0043-8170  |w (DLC) 92643039  |w (OCoLC)1803871 
850 |a DLC 
856 4 0 |z Full text available from Research Library: 09/01/1994 to 03/31/2007  |u https://search.proquest.com/publication/48823 
886 2 |2 canmarc  |a 930  |b 0-  |a Canada and the world backgrounder (Périodique) 
886 2 |2 canmarc  |a 990  |b 01  |a 93001a  |b 13001a